| 000 | 00563nam a2200169 4500 | ||
|---|---|---|---|
| 001 | 144495 | ||
| 003 | ES-MaACL | ||
| 007 | t| | ||
| 008 | 070214s1985 sp r ||||1| spa d | ||
| 020 | _a84-86130-84-0 | ||
| 100 | 1 |
_aSilva, Jesús María. _9106370 |
|
| 245 | 1 | 0 |
_aPrácticas de teoría del delito _b: Derecho Penal, parte general / _cJesús María Silva, Mirentxu Corcoy. |
| 260 |
_aBarcelona : _bPromociones Publicaciones Universitarias, _c1985. |
||
| 300 |
_a321 p. ; _c24 cm. |
||
| 700 | 1 |
_aCorcoy, Mirentxu. _940490 |
|
| 852 |
_aES-MaACL _jL-8799 _bR.110393 |
||
| 999 |
_c144495 _d144495 |
||